| 000 | 00768nam a2200241 a 4500 | ||
|---|---|---|---|
| 001 | BRCA_984 | ||
| 005 | 20190320203231.0 | ||
| 008 | 930406s1990 gw-f---###---#000-0#eng-d | ||
| 020 | _a3822804045 | ||
| 041 | _aengfreger | ||
| 050 | 4 |
_aNK2395 _b.P46 1990 |
|
| 245 | 1 | 0 |
_aPentagon _bInformal design. |
| 260 |
_aColonia, Alemania _bTaschen _c1990 |
||
| 300 |
_a160 p. _bil. a color _c30 cm. |
||
| 500 | _aIncluye biografía del Grupo Pentágono | ||
| 504 | _aBibliografía: p. 156-157 | ||
| 546 | _aTexto en alemán, inglés y francés | ||
| 610 | 2 | 4 |
_aCafe Casino (Kassel, Germany) _93242 |
| 650 | 1 | 4 |
_aMuebles _xDiseño _ySiglo XX _93243 |
| 650 | 1 | 4 |
_aDiseño de muebles _ySiglo XX _zAlemania _93244 |
| 650 | 1 | 4 |
_aMuebles _xConstrucción _zAlemania _93245 |
| 942 |
_2lcc _cB |
||
| 999 |
_c868 _d868 |
||